Gestión y calidad en educación: (Registro nro. 8747)
[ vista simple ]
| 000 -LEADER | |
|---|---|
| fixed length control field | 01504nam a2200193Ia 4500 |
| 005 - FECHA Y HORA DE LA ÚLTIMA TRANSACCIÓN | |
| control field | 20230726141740.0 |
| 008 - FIXED-LENGTH DATA ELEMENTS--GENERAL INFORMATION | |
| fixed length control field | 230725s9999 xx 000 0 und d |
| 020 ## - INTERNATIONAL STANDARD BOOK NUMBER | |
| International Standard Book Number | 956-278-132-1 |
| 040 ## - CATALOGING SOURCE | |
| Original cataloging agency | UPAN |
| Transcribing agency | Biblioteca San Vicente |
| Description conventions | RCAA2 |
| 041 ## - LANGUAGE CODE | |
| Language code of text/sound track or separate title | spa |
| 082 ## - DEWEY DECIMAL CLASSIFICATION NUMBER | |
| Classification number | 375.006 |
| Item number | L474g |
| año de publicación | 2001 |
| 100 ## - MAIN ENTRY--PERSONAL NAME | |
| Personal name | Lepeley, Maria Teresa |
| Relator code | aut. |
| 245 #0 - TITLE STATEMENT | |
| Title | Gestión y calidad en educación: |
| Remainder of title | Un modelo de evaluación/ |
| Statement of responsibility, etc | María Teresa Lepeley |
| 260 ## - PUBLICATION, DISTRIBUTION, ETC. (IMPRINT) | |
| Place of publication, distribution, etc | Chile: |
| Name of publisher, distributor, etc | McGraw Hill, |
| Date of publication, distribution, etc | 2001 |
| 300 ## - PHYSICAL DESCRIPTION | |
| Extent | 118 p.; |
| Dimensions | 24 cm. |
| 505 ## - FORMATTED CONTENTS NOTE | |
| Formatted contents note | Primera parte: fundamento y principio del modelo de gestión de calidad<br/>Capitulo 1. Calidad en educación<br/>Capitulo 2. Un modelo de gestión de calidad para la educación <br/>Segunda parte: reas de gestión en el modelo de calidad<br/>Capitulo 3. Liderazgo para la calidad.<br/>Capitulo 4. Calidad en educación y satisfacción <br/>Capitulo 5. Calidad y desarrollo de profesores y administradores<br/>Capitulo 6. Calidad y planificación estratégica en educación<br/>Capitulo 7. Calidad, información y análisis de datos<br/>Capitulo 8. Calidad en gestión en procesos de apoyo a la educación <br/>Capitulo 9. Calidad, articulación vertical, competencia, impacto social y medio ambiente<br/>Tercera parte: Sistema de medición y puntaje de evaluación institucional<br/>Capitulo 10. Sistema de medición y puntaje de evaluación institucional<br/>Capitulo 11. Guía de evaluación personal.<br/>Capitulo 12. Guía de evaluación Institucional <br/> |
| 650 ## - SUBJECT ADDED ENTRY--TOPICAL TERM | |
| Source of heading or term | LEMB |
| Form subdivision | Evaluación |
| General subdivision | Educación |
| 942 ## - ADDED ENTRY ELEMENTS (KOHA) | |
| Koha item type | Libros |
| Source of classification or shelving scheme | Dewey Decimal Classification |
| Withdrawn status | Lost status | Source of classification or shelving scheme | Damaged status | Not for loan | Collection code | Home library | Current library | Date acquired | Total Checkouts | Full call number | Barcode | Date last seen | Copy number | Price effective from | Koha item type |
|---|---|---|---|---|---|---|---|---|---|---|---|---|---|---|---|
| Dewey Decimal Classification | Colección General | Biblioteca UPAN San Vicente | Biblioteca UPAN San Vicente | 25/07/2023 | 375.006 L474g | 12001416 | 25/07/2023 | 01 | 25/07/2023 | Libros |